| 000 | 00789nam a22002177a 4500 | ||
|---|---|---|---|
| 999 |
_c20049 _d20049 |
||
| 003 | AR-CdUCM | ||
| 008 | 190524b ||||| |||| 00| 0 spa d | ||
| 020 | _a84-505-3876-9 | ||
| 040 |
_aMUNICIPALIDAD PROVINCIAL DEL CUSCO _cBIBLIOTECA MUNICIPAL DEL CUSCO |
||
| 082 |
_a791.436 / _bIN62 |
||
| 110 |
_aInstituto de Cooperación Iberoamericana _94266 |
||
| 245 |
_aInventario de cine y video sobre ciencia y tecnología : _bmedicina / |
||
| 260 |
_aEspaña : _bInstituto de Cooperación Iberoamericana, |
||
| 300 |
_a299 páginas ; _c20 cm |
||
| 505 | _aContenido : Prólogo -- Introducción -- Indice de Materias... | ||
| 650 |
_aMateriales audiovisuales _941946 |
||
| 650 |
_a Directorios _919417 |
||
| 650 |
_aTecnología _91571 |
||
| 942 |
_2ddc _cLIBROS |
||
| 945 |
_aAndy _d2019-05-24 |
||